Fire alarm (Record no. 70953)
[ view plain ]
| 000 -LEADER | |
|---|---|
| fixed length control field | 01089cam a2200229 4500 |
| 001 - CONTROL NUMBER | |
| control field | ABS65794 |
| 008 - FIXED-LENGTH DATA ELEMENTS--GENERAL INFORMATION | |
| fixed length control field | 020814n2002 000 0 eng u |
| 035 ## - SYSTEM CONTROL NUMBER | |
| System control number | (Sirsi) u119333 |
| 100 ## - MAIN ENTRY--PERSONAL NAME | |
| Personal name | Lane, T. |
| 245 ## - TITLE STATEMENT | |
| Title | Fire alarm |
| 260 ## - PUBLICATION, DISTRIBUTION, ETC. | |
| Date of publication, distribution, etc. | 2002 |
| 490 ## - SERIES STATEMENT | |
| Series statement | Building |
| Volume/sequential designation | 267(8243) 19 July 2002, 26-29(4) |
| 520 ## - SUMMARY, ETC. | |
| Summary, etc. | Government-backed research has found that the timber frame industry is exposing occupants of timber frame buildings to potentially fatal fire risks due to poor workmanship. Problems related to cavity construction such as fire stopping abilities are compounded in timber frame buildings where the cavities are filled with combustible material. These problems had been exposed in a World in Action programme in 1983 but BRE research shows that the problem is still there and often caused by shoddy workmanship. |
| 590 ## - LOCAL NOTE (RLIN) | |
| Local note | ABS |
| 650 ## - SUBJECT ADDED ENTRY--TOPICAL TERM | |
| Topical term or geographic name entry element | MANAGEMENT-HEALTH AND SAFETY-FIRE SAFETY |
| 650 ## - SUBJECT ADDED ENTRY--TOPICAL TERM | |
| Topical term or geographic name entry element | TIMBER FRAME CONSTRUCTION |
| 650 ## - SUBJECT ADDED ENTRY--TOPICAL TERM | |
| Topical term or geographic name entry element | WORKMANSHIP |
| 650 ## - SUBJECT ADDED ENTRY--TOPICAL TERM | |
| Topical term or geographic name entry element | FIRE RISK |
| 690 ## - LOCAL SUBJECT ADDED ENTRY--TOPICAL TERM (OCLC, RLIN) | |
| Topical term or geographic name as entry element | BUILT ENVIRONMENT-BUILDING PATHOLOGY |
| 700 ## - ADDED ENTRY--PERSONAL NAME | |
| Personal name | Pearson, A |
| 942 ## - ADDED ENTRY ELEMENTS (KOHA) | |
| Suppress in OPAC | 0 |
| Withdrawn status | Lost status | Source of classification or shelving scheme | Damaged status | Not for loan | Home library | Current library | Shelving location | Date acquired | Total Checkouts | Full call number | Barcode | Date last seen | Copy number | Price effective from | Koha item type |
|---|---|---|---|---|---|---|---|---|---|---|---|---|---|---|---|
| Dewey Decimal Classification | London | London | Journal article | 14/08/2002 | ABS65794 | 119333-1001 | 06/08/2019 | 1 | 06/08/2019 | Journal article |